Portland Trail Blazers NBA Playoffs Leaders Per Year - Statistics

General Stats
  • This quiz has been taken 474 times
    21 since last reset
  • The average score is 24 of 69
Answer Stats
Player % Correct
Damian Lillard
100%
CJ McCollum
89%
Buck Williams
84%
Clyde Drexler
84%
LaMarcus Aldridge
84%
Robert Williams
84%
Deni Avdija
79%
Gerald Wallace
79%
Rasheed Wallace
79%
Brandon Roy
74%
Jrue Holiday
74%
Jusuf Nurkić
74%
Donovan Clingan
68%
Bill Walton
63%
Brian Grant
63%
Damon Stoudamire
63%
Harvey Grant
63%
Scottie Pippen
63%
Clifford Robinson
58%
Nicolas Batum
58%
Terry Porter
58%
Steve Johnson
53%
Arvydas Sabonis
42%
Bonzi Wells
42%
Caldwell Jones
42%
Toumani Camara
42%
Andre Miller
37%
Robin Lopez
32%
Al-Farouq Aminu
26%
Enes Kanter
26%
Jerome Kersey
26%
Kevin Duckworth
26%
Mason Plumlee
26%
Maurice Harkless
26%
Maurice Lucas
26%
Dale Davis
21%
Hassan Whiteside
21%
Jim Paxson
21%
Mychal Thompson
21%
Robert Covington
21%
Wesley Matthews
21%
Zach Randolph
21%
Calvin Natt
16%
Darnell Valentine
16%
Evan Turner
16%
Kiki Vandeweghe
16%
Lionel Hollins
16%
Marcus Camby
16%
Billy Ray Bates
11%
Dave Twardzik
11%
Rod Strickland
11%
Steve Blake
11%
Zach Collins
11%
Isaiah Rider
5%
Jim Brewer
5%
Joel Przybilla
5%
Kenny Anderson
5%
Kermit Washington
5%
Larry Steele
5%
Ron Brewer
5%
Rudy Fernandez
5%
Sam Bowie
5%
Tom Owens
5%
Wayne Cooper
5%
Chris Dudley
0%
Kelvin Cato
0%
Kelvin Ransey
0%
Kenny Carr
0%
Noah Vonleh
0%
No matching quizzes found
Score Distribution
Percent of People with Each Score
Percentile by Number Answered
Your Score History
You have not taken this quiz since the last reset